[Event "28th CRO-chT 1A-Men 2019"]
[Site "Mali Losinj"]
[Date "2019.10.03"]
[Round "6.5"]
[White "Sale, Srdjan"]
[Black "Jovanic, Ognjen"]
[Result "1/2-1/2"]
[WhiteElo "2412"]
[BlackElo "2532"]
[Annotator "TA"]
[PlyCount "88"]
[EventDate "2019.09.28"]
[EventType "team-tourn"]
[EventCountry "CRO"]
[SourceTitle "playchess.com"]
[Source "ChessBase"]
[SourceQuality "1"]

{[%evp 9,88,-23,-18,-21,-15,-49,-35,-64,-25,-43,-18,-48,-14,-47,-44,-56,0,-31,39,37,59,52,93,64,77,50,67,35,27,32,32,34,26,11,16,8,27,26,26,32,32,31,33,16,15,18,31,0,0,0,0,0,0,0,0,0,0,0,0,0,0,0,0,0,0,0,0,0,8,8,8,6,8,0,8,0,8,0,8,0,8]} 1. f4 d5 2. Nf3 g6 3. g3 Bg7 4. Bg2 c6 5. c3 Nf6 (5... Qb6 6. Qb3 Nd7 7. d3 Nh6 8. Na3 Nc5 9. Qxb6 axb6 10. Nc2 Nf5 11. Kf2 O-O 12. g4 Nd6 13. h3 f6 {0-1 (53) Hamitevici,V (2487)-Rodshtein,M (2698) Chartres 2017}) 6. O-O {A03: Bird's Opening with 1...d5} O-O 7. Kh1 Nbd7 8. d3 {Black is slightly better.} Qc7 9. Na3 $146 ({Predecessor:} 9. Qc2 e5 10. e4 dxe4 11. dxe4 exf4 {½-½ (11) Strobel,F (2129)-Escher,H (2120) Rogaska Slatina 2012}) 9... Re8 10. Nc2 e5 11. f5 e4 ({But not} 11... gxf5 $6 12. Nh4 $14) 12. Nh4 Nf8 (12... Ne5 $15) 13. Bg5 {[#] Bxf6 is the strong threat.} Qe5 (13... Ng4 $15) 14. Ne3 exd3 15. exd3 h6 16. Bxf6 Qxe3 17. fxg6 fxg6 18. d4 Bxf6 19. Rxf6 Qe7 20. Rf2 g5 21. Nf3 {Black must now prevent Ne5.} Bg4 22. Qc2 Qh7 23. Qxh7+ Nxh7 24. Ne5 Be6 $1 25. Re1 Rad8 26. Kg1 Kg7 27. a4 {[%cal Ba2a4,Ba4a5][%mdl 32]} Nf6 28. a5 Ng4 {The position is equal.} 29. Rfe2 {[#] aiming for Nxg4.} Nxe5 30. Rxe5 Bd7 31. b4 Rxe5 32. Rxe5 Re8 33. Rxe8 Bxe8 $11 {[%mdl 4096] Endgame KB-KB} 34. Bh3 Kf6 35. Kf2 Ke7 36. Kf3 Bh5+ 37. Ke3 b5 38. Bf5 Kd6 39. h4 Ke7 40. Bh3 Kd6 41. Bf5 Ke7 42. Bh3 Kd6 43. Bf5 Ke7 44. Bh3 Kd6 {Accuracy: White = 34%, Black = 68%.} 1/2-1/2

[Event "28th CRO-chT 1A-Men 2019"]
[Site "Mali Losinj"]
[Date "2019.10.03"]
[Round "6.6"]
[White "Plenca, Jadranko"]
[Black "Medak, Bojan"]
[Result "1/2-1/2"]
[WhiteElo "2461"]
[BlackElo "2351"]
[Annotator "TA"]
[PlyCount "112"]
[EventDate "2019.09.28"]
[EventType "team-tourn"]
[EventCountry "CRO"]
[SourceTitle "playchess.com"]
[Source "ChessBase"]
[SourceQuality "1"]

{[%evp 17,112,47,43,58,59,66,87,82,84,84,84,79,82,83,84,76,88,76,88,49,63,66,113,108,116,111,106,106,90,98,305,104,272,57,141,162,156,161,161,130,222,22,28,26,26,22,27,27,36,26,26,27,25,0,0,0,4,15,15,3,26,20,21,0,17,20,16,8,8,8,8,8,8,0,7,7,8,8,8,0,0,0,0,6,8,0,8,0,0,0,0,0,0,0,0,0,0]} 1. e4 d6 2. d4 g6 3. Nc3 Nf6 4. Nf3 Bg7 5. h3 O-O 6. Be3 c6 7. a4 Nbd7 8. Be2 e5 9. dxe5 dxe5 10. Qd6 {B08: Pirc Defence: Classical System} (10. Nd2 Ne8 11. Nc4 Nc7 12. Nd6 Ne6 13. Bc4 Nd4 14. a5 b5 15. Nxc8 Rxc8 16. Ba2 Nc5 17. O-O b4 {0-1 (31) Fruebing,S (2417)-Shirov,A (2648) Riga 2017}) 10... Re8 11. Bc4 Qe7 12. Qxe7 {White is better.} Rxe7 13. a5 Nf8 14. O-O Be6 15. Bd3 $146 ({Predecessor:} 15. Be2 N8d7 16. Rfd1 Bf8 17. Ng5 h6 18. Nxe6 Rxe6 {½-½ (51) Altrichter,U (2439)-Larsson,M (2323) ICCF email 2009}) 15... Nh5 16. Rfd1 h6 17. Na4 Nd7 18. Rd2 Ree8 19. Bc4 {[#] And now Bxe6 would win.} Nhf6 20. Bxe6 Rxe6 21. Rad1 $36 {[%mdl 2048] Keeping Black busy.} Nf8 22. Rd8 Rxd8 23. Rxd8 b6 $2 {[#]} (23... Nxe4 $16 24. Rb8 Re7) 24. a6 $2 ({Weaker is} 24. axb6 axb6 25. Bxb6 Nxe4 $16) (24. Nxb6 $1 $18 {[%mdl 512] Strongly threatening Nc4.} Nxe4 (24... axb6 25. a6) 25. Nc4) 24... c5 $2 (24... Re8 $16 {keeps fighting.} 25. Rxe8 Nxe8) 25. Nc3 $2 (25. Ra8 $18) 25... b5 (25... Re8 $14 26. Rxe8 Nxe8) 26. Bxc5 $16 Rxa6 27. Nxe5 Ra1+ 28. Kh2 Nxe4 (28... Rc1 $16) 29. Rxf8+ $2 (29. Nxe4 $18 Bxe5+ 30. f4) 29... Bxf8 $11 30. Nxe4 {White wants to play Nf6+.} Bxc5 31. Nxc5 Rc1 32. c3 Rc2 33. Ned3 a5 $1 34. Kg3 a4 35. Ne4 f5 36. Nec5 a3 37. bxa3 {Black must now prevent a4.} Rxc3 38. Kf4 Rxa3 39. Ke5 Kg7 {The position is equal.} 40. Kd5 Ra2 41. Kc6 Ra1 42. Kxb5 Rg1 43. g3 g5 44. Kc6 Rh1 45. Kd5 Rxh3 46. Ke5 f4 47. gxf4 gxf4 48. Kxf4 h5 49. Ne5 Kf6 50. Ne4+ Ke7 51. Ng3 Rh2 52. f3 Ke6 53. Ne4 Rh4+ 54. Kg5 Rxe4 55. fxe4 {White wants to mate with Nd3.} Kxe5 56. Kxh5 Kxe4 {Accuracy: White = 55%, Black = 57%.} 1/2-1/2

[Event "28th CRO-chT 1A-Men 2019"]
[Site "Mali Losinj"]
[Date "2019.10.03"]
[Round "6.7"]
[White "Lysyj, Igor"]
[Black "Kryvoruchko, Yuriy"]
[Result "1/2-1/2"]
[WhiteElo "2596"]
[BlackElo "2669"]
[Annotator "TA"]
[PlyCount "59"]
[EventDate "2019.09.28"]
[EventType "team-tourn"]
[EventCountry "CRO"]
[SourceTitle "playchess.com"]
[Source "ChessBase"]
[SourceQuality "1"]

{[%evp 23,59,16,20,19,19,19,23,17,19,26,21,21,19,22,31,11,40,16,30,16,38,10,14,8,8,8,7,13,62,64,59,60,59,60,68,53,59,55]} 1. d4 Nf6 2. c4 e6 3. Nf3 d5 4. g3 dxc4 5. Bg2 c5 6. O-O Nc6 7. dxc5 Qxd1 8. Rxd1 Bxc5 9. Nbd2 c3 10. bxc3 O-O 11. Nb3 Be7 12. Nfd4 Bd7 13. Nb5 {E04: Open Catalan: 5 Nf3} (13. Nxc6 Bxc6 14. Bxc6 bxc6 15. c4 Rfb8 16. Bd2 Rb6 17. Rac1 c5 18. Be3 Rc6 19. Rc2 Kf8 20. f3 Ke8 {½-½ (52) So,W (2780)-Vidit,S (2718) chess.com INT 2018}) 13... Ne5 14. Ba3 Bxa3 15. Nxa3 {White has an edge.} Rac8 16. Bxb7 Rxc3 17. Rac1 Rxc1 18. Rxc1 Rb8 19. Na5 $146 ({Predecessor:} 19. Bg2 Ba4 20. f4 Ned7 {½-½ (35) Schiller,W-Beagley,B CServe email 1998}) 19... Kf8 20. Rc5 Ng6 21. N3c4 Ne8 22. e4 e5 23. Nxe5 Nxe5 24. Rxe5 Nd6 25. Bc6 Be6 (25... f6 {seems wilder.} 26. Rd5 Bh3 27. f3 Rb2 28. Rxd6 Rg2+) 26. Nb3 {White is slightly better.} Bxb3 27. axb3 Rxb3 28. Rd5 Ke7 29. Ra5 Nc8 30. Bd5 {Accuracy: White = 83%, Black = 56%.} 1/2-1/2

[Event "28th CRO-chT 1A-Men 2019"]
[Site "Mali Losinj"]
[Date "2019.10.03"]
[Round "6.8"]
[White "Malakhov, Vladimir"]
[Black "Hracek, Zbynek"]
[Result "1/2-1/2"]
[WhiteElo "2662"]
[BlackElo "2555"]
[Annotator "TA"]
[PlyCount "81"]
[EventDate "2019.09.28"]
[EventType "team-tourn"]
[EventCountry "CRO"]
[SourceTitle "playchess.com"]
[Source "ChessBase"]
[SourceQuality "1"]

{[%evp 12,81,10,14,30,33,30,32,27,27,22,20,23,21,16,10,9,26,32,25,28,27,29,28,29,23,38,21,24,22,23,17,33,19,47,28,28,27,27,11,1,1,1,1,1,1,1,8,10,0,0,0,0,0,0,0,2,0,0,0,0,0,0,0,0,0,16,16,16,0,16,16]} 1. Nf3 d5 2. g3 Bg4 3. Bg2 Nd7 4. c4 c6 5. cxd5 cxd5 6. Nc3 e6 7. Qb3 Bxf3 {A11: English Opening: 1...c6} 8. Bxf3 Qb6 9. Qxb6 Nxb6 {White is slightly better.} 10. b3 Ne7 11. Bb2 Nc6 12. e3 Be7 $146 ({Predecessor:} 12... Kd7 13. O-O-O Be7 14. Kb1 Bf6 15. d4 {½-½ (43) Radjabov,T (2715)-Laznicka,V (2677) Warsaw 2013}) 13. O-O-O O-O 14. Kb1 Rac8 15. Rc1 Rfd8 16. d4 a6 17. h4 Na7 18. Be2 Rc7 19. Rc2 Rdc8 20. Rhc1 Nc6 21. h5 Kf8 22. f4 Nd7 23. Bf3 Bd6 24. g4 Ne7 25. Nd1 Rxc2 {The position is equal.} 26. Rxc2 Rxc2 27. Kxc2 f5 28. g5 Nc6 29. Nf2 h6 30. gxh6 gxh6 31. a3 Nf6 32. Nd3 Ne4 33. b4 b6 34. Bc3 Nxc3 35. Kxc3 $11 {[%mdl 4096] Endgame KBN-KBN} a5 36. Be2 axb4+ 37. axb4 Ke7 38. Kb3 b5 39. Kc3 Na7 40. Kb3 Kd7 41. Nc5+ {Accuracy: White = 74%, Black = 73%.} 1/2-1/2

[Event "28th CRO-chT 1A-Men 2019"]
[Site "Mali Losinj"]
[Date "2019.10.03"]
[Round "6.9"]
[White "Leventic, Ivan"]
[Black "Stevic, Hrvoje"]
[Result "1/2-1/2"]
[WhiteElo "2388"]
[BlackElo "2570"]
[Annotator "ChessBase"]
[PlyCount "27"]
[EventDate "2019.09.28"]
[EventType "team-tourn"]
[EventCountry "CRO"]
[SourceTitle "playchess.com"]
[Source "ChessBase"]
[SourceQuality "1"]
[TimeControl "40/5400+30:1800+30"]

1. e4 {[%emt 0:00:30]} e5 {[%emt 0:03:30]} 2. Nf3 {[%emt 0:00:30]} Nc6 {[%emt 0:00:30]} 3. Bb5 {[%emt 0:01:30]} a6 {[%emt 0:00:30]} 4. Ba4 {[%emt 0:00:30]} b5 {[%emt 0:00:00]} 5. Bb3 {[%emt 0:00:30]} Na5 {[%emt 0:00:00]} 6. O-O {[%emt 0:07:30]} d6 {[%emt 0:00:30]} 7. d4 {[%emt 0:01:30]} exd4 {[%emt 0:00:00]} 8. Nxd4 {[%emt 0:00:30]} Bb7 {[%emt 0:00:00]} 9. c4 {[%emt 0:04:30]} c5 {[%emt 0:00:30]} 10. Nf3 {[%emt 0:04:30]} Nf6 {[%emt 0:10:30]} 11. Nc3 {[%emt 0:03:30]} Be7 {[%emt 0:03:30]} 12. Re1 {[%emt 0:09:30]} O-O {[%emt 0:02:30]} 13. Qd3 {[%emt 0:00:30]} Re8 {[%emt 0:44:30]} 14. Bf4 {[%emt 0:11:30]} 1/2-1/2

[Event "28th CRO-chT 1A-Men 2019"]
[Site "Mali Losinj"]
[Date "2019.10.03"]
[Round "6.10"]
[White "Kozul, Zdenko"]
[Black "Zivkovic, Vjekoslav"]
[Result "1-0"]
[WhiteElo "2581"]
[BlackElo "2362"]
[Annotator "TA"]
[PlyCount "63"]
[EventDate "2019.09.28"]
[EventType "team-tourn"]
[EventCountry "CRO"]
[SourceTitle "playchess.com"]
[Source "ChessBase"]
[SourceQuality "1"]

{[%evp 19,63,7,14,0,0,0,22,-10,-5,-107,25,24,49,48,104,86,106,107,125,126,117,122,212,216,222,112,94,102,60,51,48,0,297,289,331,336,323,315,495,312,389,380,507,519,529,500]} 1. d4 d5 2. c4 e6 3. Nf3 Nf6 4. Nc3 a6 5. e3 Be7 6. b3 O-O 7. Bb2 b6 8. cxd5 exd5 9. Bd3 Bb7 10. O-O Nbd7 11. Ne5 {E14: Queen's Indian: Classical Variation (4 e3)} Bd6 12. f4 Ne4 13. a4 $146 {The position is equal.} ({Predecessor:} 13. Nxe4 dxe4 14. Be2 Nf6 15. a3 Nd5 16. Qd2 Re8 17. Nc4 Bf8 18. Rac1 f6 {1-0 (86) Salem,A (2624)-Bacrot,E (2697) Berlin 2015}) 13... Ndf6 14. f5 {[#]} (14. Qe2 $11) 14... c5 (14... Nc5 $1 $17 {[%mdl 512]} 15. Bc2 (15. dxc5 Bxe5) 15... Qe7) 15. Nxe4 $11 dxe4 16. Bc4 Qe7 {[#]} ({Better is} 16... cxd4 $14 17. Qxd4 Bc5) 17. Ng4 $1 $16 Rad8 {[#]} 18. Qe2 $1 Kh8 19. Nxf6 gxf6 20. Qh5 b5 (20... cxd4 $16 21. Bxd4 Bc5) 21. axb5 $18 axb5 22. Bxb5 (22. Ra7 $18 bxc4 23. Qh6) 22... cxd4 $16 23. Bxd4 {Threatens to win with Ra7.} Bc5 24. Bxc5 Qxc5 25. Qh6 Qb6 $2 {[%mdl 8192]} (25... Qxb5 $11 26. Qxf6+ Kg8) 26. Bc4 $18 Rg8 27. Bxf7 Rg7 28. Be6 Rd2 (28... Qc5 $142 29. Rfc1 Qf8) 29. Rf2 Rxf2 30. Kxf2 Qd6 {White must now prevent ...Qd2+.} 31. Ra2 Qf8 {Hoping for ...Rxg2+!} 32. Rd2 {Accuracy: White = 53%, Black = 38%.} 1-0

[Event "28th CRO-chT 1A-Men 2019"]
[Site "Mali Losinj"]
[Date "2019.10.03"]
[Round "6.11"]
[White "Mrkonjic, Nenad"]
[Black "Palac, Mladen"]
[Result "0-1"]
[WhiteElo "2347"]
[BlackElo "2544"]
[Annotator "TA"]
[PlyCount "82"]
[EventDate "2019.09.28"]
[EventType "team-tourn"]
[EventCountry "CRO"]
[SourceTitle "playchess.com"]
[Source "ChessBase"]
[SourceQuality "1"]

{[%evp 9,82,2,0,0,9,0,2,-8,-7,-45,-34,-27,-33,-37,-21,-17,-9,-8,-8,-15,-23,-17,-18,-12,-10,-52,-45,-49,-52,-46,-41,-116,-112,-109,-109,-121,-116,-152,-162,-149,-104,-297,-303,-318,-331,-338,-262,-505,-315,-429,-371,-425,-381,-374,-352,-385,-367,-370,-374,-357,-352,-348,-375,-457,-434,-413,-408,-612,-612,-726,-612,-612,-612,-612,-605]} 1. d4 e6 2. c4 Nf6 3. Nf3 b6 4. e3 Bb7 5. Be2 Be7 6. Nc3 {E14: Queen's Indian: Classical Variation (4 e3)} O-O 7. Qc2 d5 8. cxd5 {The position is equal.} exd5 9. Bd3 $146 ({Predecessor:} 9. O-O a6 10. b3 Re8 11. Bb2 Bd6 12. Bd3 Nbd7 {½-½ (12) Mchedlishvili,M (2560)-Dizdar,G (2514) Dubai 2003}) 9... c5 10. O-O Nc6 11. Qd1 Re8 12. b3 cxd4 13. exd4 Bb4 14. Ne2 Ne4 15. a3 Bd6 16. b4 a5 17. bxa5 (17. b5 $5 {[%cal Rb5c6]} Ne7 18. Bf4 $15) 17... Nxa5 18. Bb5 Bc6 $36 {[%mdl 2048] Black is pushing.} 19. Bxc6 Nxc6 20. a4 {[#]} (20. Bf4 $15) 20... b5 $1 $17 {[%mdl 512]} 21. Be3 {[#]} (21. axb5 Rxa1) 21... b4 $1 22. Nd2 Nxd2 23. Qxd2 Na5 24. Qd3 Nc4 25. Ra2 $2 (25. Nf4 $17) 25... Qb8 $19 26. Rb1 Bxh2+ 27. Kf1 Bd6 28. Nc3 $2 (28. Bd2) 28... Qb7 {...Qa6 is the strong threat.} 29. Nd1 Qc6 30. g3 Rxa4 31. Rxa4 Qxa4 32. Kg2 Qd7 33. Bd2 Rb8 34. Ne3 Nxe3+ 35. Bxe3 h5 36. Rb3 Ra8 37. Bd2 Ra3 38. Rxa3 (38. Bc1 $142 Rxb3 39. Qxb3) 38... bxa3 {Black is clearly winning.} 39. Qa6 Kh7 40. Bc1 Qe7 41. Kf1 g6 {Accuracy: White = 42%, Black = 81%.} 0-1

[Event "28th CRO-chT 1A-Men 2019"]
[Site "Mali Losinj"]
[Date "2019.10.03"]
[Round "6.12"]
[White "Zelcic, Robert"]
[Black "Feletar, Darko"]
[Result "1-0"]
[WhiteElo "2508"]
[BlackElo "2356"]
[Annotator "TA"]
[PlyCount "125"]
[EventDate "2019.09.28"]
[EventType "team-tourn"]
[EventCountry "CRO"]
[SourceTitle "playchess.com"]
[Source "ChessBase"]
[SourceQuality "1"]

{[%evp 14,125,7,-3,17,6,20,6,38,43,19,22,27,22,74,70,79,84,73,62,62,52,53,58,86,40,81,91,104,120,116,62,66,0,58,44,60,47,50,31,111,111,110,122,98,78,91,91,99,91,99,94,93,97,106,107,107,105,131,94,99,79,85,49,46,0,32,29,31,23,32,30,311,345,345,344,333,266,320,172,349,251,454,519,545,519,482,464,464,340,398,336,336,321,211,17,519,519,377,329,5531,5402,5285,4731,29977,29978,29978,29979,29978,29977,29983,29984,29984,29985]} 1. e4 c5 2. Nf3 d6 3. d4 Nf6 4. Nc3 cxd4 5. Qxd4 a6 6. Bg5 Nc6 7. Qd2 e6 8. O-O-O h6 {B53: Sicilian: 2...d6: Lines with Qxd4} 9. Bh4 (9. Bxf6 Qxf6 10. h4 Be7 11. Be2 b5 12. g4 g6 13. Qe3 Rb8 14. g5 Qg7 15. a3 b4 16. axb4 Rxb4 {1-0 (58) Paichadze,L (2568)-Duda,J (2693) Minsk 2017}) 9... Bd7 10. Qe1 $146 ({Predecessor:} 10. Be2 Qa5 11. Rhe1 O-O-O 12. Kb1 Be7 13. Nd4 Kb8 14. Bg3 Nxd4 15. Qxd4 e5 16. Qe3 {1-0 (45) Turner,M (2518)-Tate,A (2277) Helensburgh 2013}) 10... Qa5 {The position is equal.} 11. Kb1 Be7 12. Bg3 Ne5 13. Nd2 g5 (13... b5 $11) 14. h4 $16 {Strongly threatening hxg5.} Rg8 15. hxg5 hxg5 16. Nc4 Qc7 17. Nxe5 dxe5 18. f3 Rc8 19. Rh6 Bc6 20. Bd3 Nd7 21. Qh1 Bf6 22. Qh2 ({White should play} 22. Bf2 $16) 22... Ke7 $14 23. Bc4 ({Better is} 23. Rh1 $14) 23... Rh8 (23... b5 $1 $11 24. Bb3 (24. Bxe6 fxe6 25. a3 Nf8 $17) 24... Rh8 25. Rxh8 Rxh8) 24. Rxh8 $1 Rxh8 25. Qg1 b5 26. Bb3 Rb8 (26... Kf8 $14) 27. Nd5+ $16 exd5 28. exd5 {[#]} Bxd5 $1 {[%mdl 512]} 29. Bxd5 Rc8 30. Be4 Nc5 31. Bf5 Rd8 32. Rxd8 Kxd8 33. Bf2 Be7 34. Be3 Qd6 35. Qc1 f6 36. Qe1 Kc7 37. b3 Nb7 38. Qc3+ Qc6 39. Qe1 Bc5 40. Be4 Qd6 41. Bd2 Qd4 42. c3 $36 {[%mdl 2048] White has the initiative.} Qg1 $2 {[%mdl 8192]} (42... Qd7 $11 {and Black stays safe.}) 43. Qxg1 $18 Bxg1 44. Bxb7 $1 Kxb7 {[%mdl 4096] Endgame KB-KB} 45. Kc2 Kc6 46. Kd3 (46. g4 $142 Bb6 47. Kd3) 46... Kd5 $2 {[#]} (46... f5) 47. g4 $1 Bf2 $2 (47... Ke6 {was worth a try.} 48. Be3 Bxe3 49. Kxe3 Kd5) 48. c4+ bxc4+ 49. bxc4+ Ke6 50. Ke4 Bc5 51. Ba5 Ba7 52. Bb4 Bb6 53. c5 Bd8 54. c6 $2 (54. Be1 $18) 54... a5 $2 {[%mdl 8192]} (54... Bc7 $11 {and Black has nothing to worry.}) 55. Bc5 a4 56. Kd3 Kd5 $2 {[#]} (56... f5 57. gxf5+ Kxf5) 57. Be7 $1 {[%cal Re7d8][%mdl 512]} Bc7 (57... Bxe7 58. c7) 58. Bxf6 Kxc6 59. Ke4 {White mates.} Kc5 60. Bxg5 Bd6 61. Bh6 Kb4 62. g5 Be7 63. g6 {Accuracy: White = 73%, Black = 35%.} 1-0

[Event "28th CRO-chT 1A-Men 2019"]
[Site "Mali Losinj"]
[Date "2019.10.03"]
[Round "6.13"]
[White "Fedorchuk, Sergey A."]
[Black "Saric, Ibro"]
[Result "1/2-1/2"]
[WhiteElo "2619"]
[BlackElo "2564"]
[Annotator "TA"]
[PlyCount "37"]
[EventDate "2019.09.28"]
[EventType "team-tourn"]
[EventCountry "CRO"]
[SourceTitle "playchess.com"]
[Source "ChessBase"]
[SourceQuality "1"]

{[%evp 13,37,30,32,27,30,42,34,20,51,10,11,-12,-21,-12,0,0,-6,-10,-2,-4,-8,-15,0,0,0,-4]} 1. e4 e5 2. Nf3 Nf6 3. Nxe5 d6 4. Nf3 Nxe4 5. Nc3 Nf6 6. d4 Be7 7. Bd3 O-O 8. O-O {C42: Petroff Defence: 3 Nxe5 and unusual White 3rd moves} Re8 (8... Nc6 9. h3 Nb4 10. Bc4 d5 11. Bb3 c6 12. Re1 Na6 13. Ne2 Nc7 14. Ng3 Nfe8 15. c3 Nd6 {1-0 (98) Vachier Lagrave,M (2778)-Yu,Y (2752) Saint Louis 2019}) 9. Re1 Nbd7 10. h3 {White is slightly better.} a6 11. Nh4 $146 ({Predecessor:} 11. Ne2 Bf8 12. Ng3 Rxe1+ 13. Qxe1 g6 14. c3 Bg7 15. Bg5 h6 {½-½ (24) Brazdzionis,A (2195)-Beinoras,M (2371) Vilnius 2015}) 11... Nf8 {The position is equal.} 12. Nf5 Bxf5 $1 13. Bxf5 d5 14. Bg5 c6 15. Qf3 N6d7 16. Bxe7 Rxe7 17. Re3 g6 18. Bxd7 Qxd7 19. Rae1 {Accuracy: White = 23%, Black = 41%.} 1/2-1/2

[Event "28th CRO-chT 1A-Men 2019"]
[Site "Mali Losinj"]
[Date "2019.10.03"]
[Round "6.14"]
[White "Saric, Ante"]
[Black "Livaic, Leon"]
[Result "1/2-1/2"]
[WhiteElo "2557"]
[BlackElo "2495"]
[Annotator "TA"]
[PlyCount "49"]
[EventDate "2019.09.28"]
[EventType "team-tourn"]
[EventCountry "CRO"]
[SourceTitle "playchess.com"]
[Source "ChessBase"]
[SourceQuality "1"]

{[%evp 16,49,34,31,41,18,31,18,27,21,35,12,8,0,12,0,0,0,22,12,31,21,47,7,11,0,0,-1,0,0,0,-20,-11,-82,-93,-92]} 1. Nf3 Nf6 2. c4 ({Predecessor:} 2. g3 b6 3. Bg2 Bb7 4. O-O e6 5. c4 c5 6. b3 Be7 7. Bb2 O-O 8. e3 d5 9. Nc3 Nbd7 10. Qe2 Rc8 11. Ne1 Qc7 12. f4 a6 13. d3 {½-½ (13) Manea,A (2239)-Cioara,A (2353) Baile Tusnad 2000}) 2... e6 3. g3 a6 4. e3 b6 5. Bg2 Bb7 6. b3 c5 7. Bb2 Be7 8. Nc3 O-O 9. O-O Qc7 $146 {A30: Symmetrical English: Double Fianchetto and Hedgehog} (9... d6 10. d4 Nbd7 11. d5 exd5 12. Nh4 Rb8 13. Nf5 b5 14. Nxd5 Bxd5 15. cxd5 Re8 16. Nxe7+ Qxe7 17. e4 c4 18. Bd4 Ne5 19. bxc4 Nxc4 {½-½ (26) Mareco,S (2643)-Iturrizaga Bonelli,E (2640) Vlissingen 2018}) 10. d3 d6 11. Qe2 Nbd7 {The position is equal.} 12. Ne1 d5 13. f4 Rad8 14. cxd5 Nxd5 15. Ne4 N5f6 16. Nf2 b5 17. Nf3 Nd5 18. Rac1 Qa5 19. e4 Nb4 20. a3 Nc6 21. h4 Qb6 22. Kh2 a5 23. Qe3 c4 24. d4 {[#]} (24. Qxb6 $11 {keeps the balance.} Nxb6 25. bxc4 (25. dxc4 bxc4 26. bxc4 Ba6 $11) 25... bxc4 26. Ne5 (26. dxc4 Ba6 $11)) 24... cxb3 $1 $17 25. Qxb3 {Accuracy: White = 37%, Black = 52%.} 1/2-1/2

[Event "28th CRO-chT 1A-Men 2019"]
[Site "Mali Losinj"]
[Date "2019.10.03"]
[Round "6.15"]
[White "Plat, Vojtech"]
[Black "Galyas, Miklos"]
[Result "1-0"]
[WhiteElo "2573"]
[BlackElo "2476"]
[Annotator "TA"]
[PlyCount "89"]
[EventDate "2019.09.28"]
[EventType "team-tourn"]
[EventCountry "CRO"]
[SourceTitle "playchess.com"]
[Source "ChessBase"]
[SourceQuality "1"]

{[%evp 9,89,-10,32,-36,-29,-38,-35,-35,-27,-62,-61,-61,-22,-26,-13,-16,0,1,15,0,5,0,25,17,16,-5,18,-46,-46,-89,-107,-101,-76,-65,-77,-89,-66,-79,-80,-83,-79,-152,-104,-110,-108,-110,-100,-107,-42,-44,-46,-40,-42,-68,-44,-41,0,0,0,-21,0,0,24,0,0,0,0,0,0,0,575,571,2653,1830,12825,2178,1554,1147,29991,29992,29993,29994]} 1. e4 e6 2. d3 d5 3. Nd2 Nf6 4. g3 dxe4 5. dxe4 Bc5 6. Qe2 {C00: French: Unusual White 2nd moves} (6. e5 $1 $14 Nd5 7. Ne4) (6. Bg2 e5 7. Ngf3 Nbd7 8. O-O O-O 9. Qe2 b6 10. h3 a5 11. Rd1 Ba6 12. Qe1 Qe7 13. Nh4 Rfd8 14. Nf1 g6 15. Bg5 Qe8 16. Ne3 Bb4 17. c3 {½-½ (48) Paichadze,L (2564)-Matsenko,S (2539) Poti 2018}) 6... e5 $15 7. Nb3 Bd6 8. Nf3 {Black is slightly better.} O-O $146 ({Predecessor:} 8... b6 9. Bg2 Bb7 10. Nbd2 O-O 11. O-O Nc6 12. c3 a5 {0-1 (37) Bex,P-Strauss,J Zuerich 1981}) 9. Nfd2 a5 10. a4 b6 11. Nc4 Bb7 12. f3 Nbd7 13. Be3 Qe7 14. Qf2 Qe6 $36 {[%mdl 2048] Black has some pressure.} 15. h4 Ba6 16. Nxd6 cxd6 17. Bh3 Qc4 18. Rd1 (18. g4 $11 Rfd8 19. g5) 18... d5 19. exd5 Qxa4 20. g4 Rfd8 21. g5 Nh5 22. Bg4 Nf4 23. Qd2 {[#]} Nd3+ $1 {[%mdl 512]} 24. cxd3 Qxb3 25. g6 (25. O-O $142) 25... Qxd5 26. gxh7+ Kh8 $1 27. Bf5 Nc5 {[%cal Ra6d3]} ({Don't do} 27... Qxf3 28. Be4 $11) 28. Qg2 {Rg1 is the strong threat.} Nxd3+ ({Black should try} 28... Qd6 $17 {[%cal Rc5d3]} 29. Rg1 Qf6) 29. Bxd3 Bxd3 30. Rg1 $1 {[%csl Gg1][%cal Rg2g7]} g6 31. h5 $1 Qe6 32. Qg5 Rd7 {Hoping for ...f6.} 33. hxg6 fxg6 34. Bd2 Re8 {And now ...Rf7 would win.} 35. Bc3 Qf5 36. Qe3 Bb5 {aiming for ...Rxd1+.} 37. Rxd7 Bxd7 38. Rg5 Qb1+ 39. Kf2 Bf5 $2 {[%mdl 8192] [#]} (39... Qc2+ $1 $11 40. Kg3 Bf5) 40. Rg1 $1 $18 {[%cal Rg1b1]} Qc2+ {[#]} 41. Kg3 $1 {Intending Rh1 and mate.} Kxh7 42. Rh1+ Kg8 43. Qxb6 {White threatens Qf6 and mate.} Be6 44. Qc6 Re7 45. Qa8+ {[%mdl 64] Double Attack. Accuracy: White = 70%, Black = 48%.} 1-0